Complete history of the world. edited by geoffrey barraclough / (Record no. 15978)
[ view plain ]
| 000 -LEADER | |
|---|---|
| fixed length control field | 02366nam a2200217 a 4500 |
| 001 - CONTROL NUMBER | |
| control field | ASIN0007315694 |
| 005 - DATE AND TIME OF LATEST TRANSACTION | |
| control field | 20170105102929.0 |
| 008 - FIXED-LENGTH DATA ELEMENTS--GENERAL INFORMATION | |
| fixed length control field | 131218s2010 xxu eng d |
| 020 ## - INTERNATIONAL STANDARD BOOK NUMBER | |
| International Standard Book Number | 0007315694 (hardcover) |
| Terms of availability | $161.75 |
| 020 ## - INTERNATIONAL STANDARD BOOK NUMBER | |
| International Standard Book Number | 9780007315697 (hardcover) |
| 040 ## - CATALOGING SOURCE | |
| Original cataloging agency | 0 |
| 082 ## - DEWEY DECIMAL CLASSIFICATION NUMBER | |
| Classification number | 909 |
| Author Mark | COM 2010 |
| 100 1# - MAIN ENTRY--PERSONAL NAME | |
| Personal name | Overy, Richard J. |
| 245 00 - TITLE STATEMENT | |
| Title | Complete history of the world. edited by geoffrey barraclough / |
| Statement of responsibility, etc. | Richard J. Overy. |
| 250 ## - EDITION STATEMENT | |
| Edition statement | 8th Revised edition. |
| 260 ## - PUBLICATION, DISTRIBUTION, ETC. | |
| Place of publication, distribution, etc. | [S.l.] : |
| Name of publisher, distributor, etc. | Times Books, |
| Date of publication, distribution, etc. | 2010. |
| 300 ## - PHYSICAL DESCRIPTION | |
| Extent | 432 p. ; |
| Dimensions | 38 cm. |
| 520 ## - SUMMARY, ETC. | |
| Summary, etc. | The ultimate work of historical reference From cavemen to the Cold War, from Alexander the Great to global warming, from warfare through the ages to the great voyages of exploration, The Times Complete History of the World is the book that has all the answers. This is the most comprehensive, authoritative and accessible work on world history available today. It has sold over 2.25million copies and has been translated into 18 other languages since its first publication in 1978. With a narrative scope covering the origins of mankind right through to the turmoil of the 21st century, this book is an unrivalled and breathtaking accomplishment. With over 600 full-colour maps and charts on a wide range of historical subjects and representing the work of a team of professional historians, this new edition continues a tradition of nearly thirty years of excellence, style, authority and cutting-edge design. This edition is also internet-linked. Readers can follow the weblinks in the book to acess the most up to date information permitting further in-depth exploration of key subjects. With fully up-to-date text, including material on Iraq and Afghanistan, terrorism, Israel and the EU, this book, edited by leading modern historian Professor Richard Overy, is broad-ranging and more visually enticing than ever. Updates for the eighth edition include: - New material on the United States - The most up-to-date research on prehistory - Reworked spreads on the Middle East, including a new spread on Iran - Current information on the global economy, the global environment, warfare and world terrorism - New introduction - Short biographies of 100 key figures in world history. |
| 856 40 - ELECTRONIC LOCATION AND ACCESS | |
| Materials specified | Amazon.com |
| Uniform Resource Identifier | <a href="http://www.amazon.com/exec/obidos/ASIN/0007315694/chopaconline-20">http://www.amazon.com/exec/obidos/ASIN/0007315694/chopaconline-20</a> |
| 942 ## - ADDED ENTRY ELEMENTS (KOHA) | |
| Source of classification or shelving scheme | |
| Koha item type | Book |
| Withdrawn status | Lost status | Damaged status | Not for loan | Collection code | Permanent Location | Current Location | Shelving location | Date acquired | Total Checkouts | Full call number | Barcode | Date last seen | Price effective from | Koha item type |
|---|---|---|---|---|---|---|---|---|---|---|---|---|---|---|
| Centre for International Peace & Stability (CIPS) | Centre for International Peace & Stability (CIPS) | Reference | 10/02/2013 | 909 COM 2010 | CIPS0001882 | 12/19/2013 | 12/19/2013 | Reference |
